Evaluating safety and crime prevention policies in Europe

Guardado en:  
Detalles Bibliográficos
Otros Autores: Robert, Philippe 1939- (Editor) ; Hope, Tim (Otro)
Tipo de documento: Print Libro
Lenguaje:Inglés
Publicado: Brussels VUB Press 2009
En:Año: 2009
Acceso en línea: Índice
Blurb (Publisher)
Disponibilidad en Tübingen:Disponible en Tübingen.
UB: KB 9 E 1789
Verificar disponibilidad: HBZ Gateway
Servicio de pedido Subito: Pedir ahora.
Palabras clave:
Parallel Edition:No electrónico

MARC

LEADER 00000cam a2200000 c 4500
001 1605902403
003 DE-627
005 20220605113635.0
007 tu
008 101019s2009 xx ||||| 00| ||eng c
020 |a 9789054875888  |9 978-90-5487-588-8 
035 |a (DE-627)1605902403 
035 |a (DE-576)332219976 
035 |a (DE-599)BSZ332219976 
035 |a (OCoLC)700291698 
040 |a DE-627  |b ger  |c DE-627  |e rakwb 
041 |a eng 
245 0 0 |a Evaluating safety and crime prevention policies in Europe  |c Philippe Robert (ed.) . Contrib. from Tim Hope ... 
264 1 |a Brussels  |b VUB Press  |c 2009 
300 |a 125 S. 
336 |a Text  |b txt  |2 rdacontent 
337 |a ohne Hilfsmittel zu benutzen  |b n  |2 rdamedia 
338 |a Band  |b nc  |2 rdacarrier 
490 0 |a Criminologische studies 
583 1 |a Archivierung prüfen  |c 20200919  |f DE-640  |z 3  |2 pdager 
655 7 |a Aufsatzsammlung  |0 (DE-588)4143413-4  |0 (DE-627)105605727  |0 (DE-576)209726091  |2 gnd-content 
655 7 |a Konferenzschrift  |0 (DE-588)1071861417  |0 (DE-627)826484824  |0 (DE-576)433375485  |2 gnd-content 
689 0 0 |d g  |0 (DE-588)4015701-5  |0 (DE-627)104289007  |0 (DE-576)208913092  |a Europa  |2 gnd 
689 0 1 |d s  |0 (DE-588)4033181-7  |0 (DE-627)106258575  |0 (DE-576)20900052X  |a Kriminalpolitik  |2 gnd 
689 0 2 |d s  |0 (DE-588)4071034-8  |0 (DE-627)106098713  |0 (DE-576)209182709  |a Evaluation  |2 gnd 
689 0 |5 (DE-627) 
700 1 |a Robert, Philippe  |d 1939-  |e Hrsg.  |0 (DE-588)130384348  |0 (DE-627)500677611  |0 (DE-576)298162857  |4 edt 
700 1 |a Hope, Tim  |4 oth 
776 0 8 |i Parallelausg. u.d.T.  |t L' évaluation des politiques de sécurite et de prévention de la délinquance en Europe  |d Paris : L'Harmattan, 2009  |h 157 S.  |w (DE-627)1622694872  |w (DE-576)311847234  |z 9782296098817  |k Non-Electronic 
856 4 2 |u https://swbplus.bsz-bw.de/bsz332219976inh.htm  |m B:DE-576;DE-21  |q application/pdf  |v 20101216094852  |x Verlag  |3 Inhaltsverzeichnis  |7 1 
856 4 2 |u https://swbplus.bsz-bw.de/bsz332219976kla.htm  |m B:DE-576;DE-21  |q application/pdf  |v 20101216094854  |x Verlag  |3 Klappentext  |7 1 
951 |a BO 
ELC |b 1 
LOK |0 000 xxxxxcx a22 zn 4500 
LOK |0 001 3115754477 
LOK |0 003 DE-627 
LOK |0 004 1605902403 
LOK |0 005 20101210125312 
LOK |0 008 101019||||||||||||||||ger||||||| 
LOK |0 040   |a DE-21  |c DE-627  |d DE-21 
LOK |0 852   |a DE-21 
LOK |0 852 1  |c KB 9 E 1789  |9 00 
LOK |0 935   |a krim 
LOK |0 936ln  |a k2.6 
LOK |0 938   |a 1012  |f 34 
LOK |0 939   |a 19-10-10  |b l01 
LOK |0 000 xxxxxcx a22 zn 4500 
LOK |0 001 3115754590 
LOK |0 003 DE-627 
LOK |0 004 1605902403 
LOK |0 005 20130402110249 
LOK |0 008 130129||||||||||||||||ger||||||| 
LOK |0 040   |a DE-21-110  |c DE-627  |d DE-21-110 
LOK |0 689   |a s  |a Sicherheit 
LOK |0 689   |a s  |a Kriminalprävention 
LOK |0 689   |a s  |a Kriminalpolitik 
LOK |0 689   |a g  |a Europa 
LOK |0 689   |a s  |a Vergleich 
LOK |0 852   |z Separate Aufstellung 
LOK |0 852   |a DE-21-110 
LOK |0 852 1  |c T 2013 12  |m p  |9 00 
LOK |0 936ln  |a 2.4 
LOK |0 938   |a 1301 
LOK |0 938   |k p 
LOK |0 939   |a 29-01-13  |b l01 
ORI |a SA-MARC-krimdoka001.raw 
SIG |a UB: KB 9 E 1789